00000000nam##2200000za#4500
0019.631266
003CaOODSP
00520210624214240
007cr |||||||||||
008150407|2003||||xxc|||||o    f|0| 0 fre|d
040 |aCaOODSP|bfre
043 |an-cn---
0861 |aSC94-103/2003F-IN
1101 |aCanada.|bCentre canadien de gestion.
24510|aDes transitions réussies : |h[ressource électronique]|bl'intégration des cadres externes dans la fonction publique fédérale / |cArthur Kroeger et Jeff Heynen
260 |aOttawa - Ontario : |bCentre canadien de gestion |c2003.
300 |a36
500 |aLe numéro de catalogue et l’ISBN pour l’édition imprimée ont été incorrectement copiés dans cette édition électronique.
5203 |aCe rapport se penche sur les avantages et les coûts de l’intégration des cadres du secteur privé à des postes de cadres supérieurs dans la fonction publique, en mettant l’accent sur l’importance de réussir les transitions. Il donne une vue d’ensemble des principales difficultés rencontrées par les cadres externes face à la culture différente de la fonction publique, et explique les différences entre les secteurs public et privé, ainsi qu’entre la fonction publique fédérale et les administrations provinciales. Les auteurs recommandent d’améliorer le processus d’intégration, de la sélection des recrues au soutien continu.
546 |aTexte en français.
590 |a04-01|b2004-01-02
69107|aFonction publique|2gcpds
69107|aGestion du personnel|2gcpds
69107|aPersonnel de direction|2gcpds
69107|aRecrutement|2gcpds
7201 |aKroeger, Arthur
7201 |aHeynen, Jeff
77508|tMaking transitions work : |w(CaOODSP)9.686803
7760#|tMaking transitions work : |w(CaOODSP)9.665059
7760#|tDes transitions réussies : |w(CaOODSP)9.665060
85640|ahttp://publications.gc.ca|qPDF|s444 Ko|uhttps://publications.gc.ca/collections/Collection/SC94-103-2003F.pdf